000 00622nam a22002177a 4500
003 UA-OsUOA
001 69491
007 ta
008 20100623b un ||||| |||| 00| 0 ukr d
100 _aКузнецов О.В.
090 _a330
_bК89
942 _cSA
040 _aUA-OsUOA
_bukr
_cUA-OsUOA
_dUA-OsUOA
245 _aОсобливості сучасної британської податкової системи
300 _aС.102-114
955 _a0
041 _aukr
080 _a330
773 0 _w69483
_tФінанси України
_dК.
_d2010
_g4
650 7 _a330 Економіка взагалі
_2UDC
999 _c355744
_d355744